| 000 | 00806cam a2200265 a 4500 | ||
|---|---|---|---|
| 001 | 14629808 | ||
| 005 | 20180221094455.0 | ||
| 008 | 061109s2008 njuab b 001 0 eng | ||
| 010 | _a 2006037684 | ||
| 020 | _a0132251507 | ||
| 020 | _a9780132251501 | ||
| 035 | _a(OCoLC)ocm76142262 | ||
| 035 | _a(OCoLC)76142262 | ||
| 040 |
_aDLC _cDLC _dYDX _dBAKER _dBTCTA _dYDXCP _dDLC |
||
| 041 | _aeng | ||
| 080 | _a550 KEL | ||
| 082 | 0 | 0 |
_a550 KEL _222 |
| 100 | 1 | _a9 | |
| 101 | _aMJE | ||
| 245 | 1 | 0 |
_aIntroduction to environmental geology / _cEdward A. Keller. |
| 504 | _aIncludes bibliographical references and index. | ||
| 906 |
_a7 _bcbc _corignew _d1 _eecip _f20 _gy-gencatlg |
||
| 942 |
_2ddc _cBK |
||
| 999 |
_c43087 _d43087 |
||